Paroles "Les Champs-Elysées" - Joe Dassin - Statistiques

Statistiques générales
  • Ce quiz a été pris 358 fois
  • Le résultat moyen est 172 sur 207
Statistiques - réponses
Paroles % Correct
à
98%
À
98%
a
98%
Au
97%
au
97%
la
97%
Champs-Élysées
96%
Le
96%
ou
96%
Je
95%
je
95%
ce
94%
Aux
93%
Il
93%
sur
93%
cœur
91%
l'avenue
90%
de
89%
midi
89%
minuit
89%
ouvert
89%
pluie
89%
qui
89%
Qui
89%
soleil
89%
Et
88%
l'inconnu
88%
sous
88%
toi
88%
quoi
87%
n'importe
86%
N'importe
86%
tout
86%
vous
86%
fut
85%
Pour
85%
voulez
85%
y
85%
bonjour
84%
dire
84%
te
84%
dit
83%
m'baladais
83%
par
83%
t'ai
83%
envie
82%
J'avais
82%
c'que
80%
suffisait
80%
parler
79%
t'apprivoiser
79%
Dans
76%
matin
74%
On
74%
on
74%
un
74%
Un
74%
du
73%
chanté
72%
des
72%
pas
72%
soir
71%
avec
70%
même
70%
dansé
69%
fous
69%
pensé
69%
s'embrasser
69%
main
68%
Tu
68%
j'ai
66%
rendez-vous
66%
guitare
65%
m'as
65%
sous-sol
63%
n'a
61%
Alors
59%
l'on
56%
accompagnée
54%
nuit
53%
vivent
53%
deux
52%
Deux
52%
Hier
52%
Concorde
51%
inconnus
51%
amoureux
50%
longue
47%
les
45%
étourdis
44%
cordes
43%
mille
43%
jour
42%
orchestre
41%
chantent
40%
Tous
40%
l'amour
39%
l'Étoile
37%
oiseaux
32%
point
23%
Aucun quiz correspondant
Distribution des résultats
% des personnes avec chaque résultat
Percentile par nombre de réponses
Votre historique - résultats
Vous n’avez pas pris ce quiz